000
00300nam a22001217a 4500
008
181015b xxu||||| |||| 00| 0 eng d
041
_a
eng
080
_a
616.5
100
_a
7
101
_a
DER
245
_a
Color Atlas And Synopsis Of Clinical Dermatology
_c
Thomas.B.F
942
_2
udc
_c
BK
999
_c
49699
_d
49699